000 01021nam0a22002411 4500
001 rc\623058
005 20250621185535.0
035 _a(NLR Aleph) 005865873
090 _a5927493
_c5927493
100 _a20031121d1986 |||y0rusy50 ca
101 0 _arus
102 _aRU
105 _ay |||||||||
200 1 _aИспользование экранных и звуковых средств обучения на уроках литературы в средних профессионально-технических училищах
_eМетод. рекомендации
_fВсесоюз. науч.-метод. центр проф.-техн. обучения молодежи
210 _aМ.
_cВысш. школа
_d1986
215 _a53, [2] с.
_d22
320 _aБиблиогр. в конце кн. (10 назв.)
700 1 _aЗволинская
_bН.Н.
_gНаталья Николаевна
801 0 _aRU
_bNLR
_gpsbo
801 1 _aRU
_bELAR
_2rusmarc
852 _aNLR
_j86-6/2880
942 _cBOOK
980 _aNB